000 00787nam a2200253Ia 4500
003 OSt
005 20220928130541.0
006 a|||||r|||| 00| 0
007 ta
008 220927b |||||||| |||| 00| 0 eng d
020 _cUSD 75.00
024 _a137334
037 _b263, 13/02/2018, Classic Book Service
_cTextual
040 _aSDCL
_cSDCL
_beng
041 _2eng
_aeng
082 _aX65:76, Q8
100 _aCampbell John Y.
_9474477
245 0 _aFinancial decisions and markets
_b A course in asset pricing
260 _aNew Jersey
_bPrinceton University Press
_c2018
300 _axxi,451p.
_ccm.
650 _aFinancial Studies
942 _hX65:76, Q8
_cTEXL
_2CC
999 _c787051
_d787051